[Event "14th EUR-ch"]
[Site "Minsk BLR"]
[Date "2017.05.30"]
[Round "1.1"]
[White "Kharchenko, Boris"]
[Black "Navara, David"]
[Result "1/2-1/2"]
[WhiteElo "2468"]
[BlackElo "2739"]
[EventDate "2017.05.30"]
[PlyCount "120"]

1.e4 c5 2.c3 Nf6 3.e5 Nd5 4.d4 cxd4 5.Nf3 Nc6 6.Bc4 Nb6 7.Bb3 d5 8.exd6 
Qxd6 9.O-O Be6 10.Bxe6 Qxe6 11.Nxd4 Nxd4 12.Qxd4 Rd8 13.Qh4 Qe2 14.Bd2 e6 
15.Re1 Qb5 16.b3 Qf5 17.Qg5 Qxg5 18.Bxg5 Be7 19.Bxe7 Kxe7 20.c4 Rd3 21.Kf1
Rhd8 22.Ke2 R8d4 23.Rc1 Nd7 24.Nc3 Rd2+ 25.Ke1 Rb2 26.Na4 Re4+ 27.Kf1 Rd2 
28.Nc3 Red4 29.Ke1 R4d3 30.Rd1 Rxd1+ 31.Nxd1 Nc5 32.Ke2 a5 33.Rc1 f5 34.
Nc3 b6 35.g3 g5 36.Na4 Rd6 37.Nc3 Rd3 38.Na4 Rd8 39.Nc3 h5 40.Rb1 h4 41.a3
Rd3 42.Rc1 f4 43.gxf4 gxf4 44.b4 f3+ 45.Ke1 Nb3 46.Rc2 Rd4 47.Nb5 Rg4 48.
Kf1 Rxc4 49.Rxc4 Nd2+ 50.Ke1 Nxc4 51.bxa5 bxa5 52.Nd4 Ne5 53.Nb3 h3 54.
Nxa5 Ng4 55.Kf1 Nxh2+ 56.Kg1 Nf1 57.Nc4 Kd8 58.Ne5 Nd2 59.Kh2 Ne4 60.Nxf3 
Nxf2 1/2-1/2

[Event "14th EUR-ch"]
[Site "Minsk BLR"]
[Date "2017.05.30"]
[Round "1.3"]
[White "Nguyen Thai Dai Van"]
[Black "Yakovenko, Dmitry"]
[Result "0-1"]
[WhiteElo "2461"]
[BlackElo "2718"]
[EventDate "2017.05.30"]
[PlyCount "106"]

1.e4 c5 2.Nf3 d6 3.d4 cxd4 4.Nxd4 Nf6 5.Nc3 a6 6.Nb3 Nc6 7.Be3 e6 8.g4 h6 
9.Qe2 g5 10.O-O-O Ne5 11.h3 b5 12.f4 gxf4 13.Bxf4 Qc7 14.a3 Bb7 15.Bg2 
Nfd7 16.Rhf1 Bg7 17.Nd4 Qc4 18.Qf2 b4 19.axb4 Qxb4 20.Nb3 O-O 21.Na2 Qa4 
22.Nc3 Qc6 23.Qg3 Rac8 24.g5 h5 25.Bf3 h4 26.Qg2 Qb6 27.g6 fxg6 28.Bg4 
Rce8 29.Bg5 Nc4 30.Qe2 Qb4 31.Rxf8+ Nxf8 32.Rd3 a5 33.e5 Nxe5 34.Rd4 Qb6 
35.Bxh4 Ba6 36.Qd1 d5 37.Na4 Qc7 38.Bg3 Qd8 39.Nac5 Bc4 40.Qe1 Nxg4 41.
Rxg4 Qf6 42.Nd4 e5 43.b3 Rc8 44.bxc4 exd4 45.Nd3 dxc4 46.Ne5 Bh6+ 47.Kb1 
Rb8+ 48.Ka2 Rb4 49.Ka3 Qe7 50.Nxc4 Bc1+ 51.Ka2 Ra4+ 52.Kb3 Qb4+ 53.Qxb4 
Rxb4+ 0-1

[Event "14th EUR-ch"]
[Site "Minsk BLR"]
[Date "2017.05.30"]
[Round "1.4"]
[White "Kryvoruchko, Yuriy"]
[Black "Costachi, Mihnea"]
[Result "1-0"]
[WhiteElo "2714"]
[BlackElo "2460"]
[EventDate "2017.05.30"]
[PlyCount "101"]

1.e4 e5 2.Nf3 Nc6 3.Bb5 a6 4.Ba4 Nf6 5.O-O b5 6.Bb3 Bb7 7.d3 Be7 8.a4 d6 
9.Re1 O-O 10.Nbd2 Na5 11.Ba2 c5 12.Nf1 b4 13.Ne3 Bc8 14.c3 Rb8 15.d4 b3 
16.Bb1 cxd4 17.cxd4 Nc6 18.d5 Nd4 19.Nxd4 exd4 20.Nc4 Rb4 21.Qxd4 Qc7 22.
Bd3 Ng4 23.Bd2 Bf6 24.Qxf6 gxf6 25.Bxb4 Qa7 26.Rf1 Qd4 27.Rad1 Ne5 28.Nxe5
fxe5 29.Bxd6 Qxb2 30.Bxf8 Kxf8 31.d6 Bg4 32.f3 Bd7 33.Bxa6 Qc3 34.Bb5 Ke8 
35.Rc1 Qd4+ 36.Kh1 Bxb5 37.axb5 Qxd6 38.Rb1 Qd3 39.b6 Qb5 40.Rf2 Qxb6 41.
Rfb2 Kf8 42.Rxb3 Qd4 43.h3 Kg7 44.Rb7 Qc3 45.Kh2 Qd2 46.Rc7 Kg6 47.Rb6+ f6
48.Rcc6 Qf4+ 49.Kh1 Kg5 50.Rxf6 Qe3 51.Kh2 1-0

[Event "14th EUR-ch"]
[Site "Minsk BLR"]
[Date "2017.05.30"]
[Round "1.5"]
[White "Mazur, Stefan"]
[Black "Matlakov, Maxim"]
[Result "0-1"]
[WhiteElo "2459"]
[BlackElo "2714"]
[EventDate "2017.05.30"]
[PlyCount "72"]

1.e4 e5 2.Nf3 Nc6 3.Bb5 a6 4.Ba4 Nf6 5.O-O Be7 6.Re1 b5 7.Bb3 d6 8.c3 O-O 
9.h3 Na5 10.Bc2 c5 11.d4 Nd7 12.Nbd2 exd4 13.cxd4 Nc6 14.d5 Nce5 15.a4 Rb8
16.axb5 axb5 17.Nxe5 Nxe5 18.f4 Ng6 19.Nf3 Bh4 20.Rf1 Bg3 21.f5 Ne5 22.Ng5
h6 23.f6 gxf6 24.Nh7 Kxh7 25.Qh5 f5 26.Qxh6+ Kg8 27.Bg5 f6 28.Ra7 Rf7 29.
Rxf7 Kxf7 30.Qh7+ Ke8 31.Bd1 Qe7 32.Qg8+ Kd7 33.Bd2 Nc4 34.Bh6 Be5 35.b3 
Bd4+ 36.Kh1 Ne3 0-1

[Event "14th EUR-ch"]
[Site "Minsk BLR"]
[Date "2017.05.30"]
[Round "1.6"]
[White "Jobava, Baadur"]
[Black "Reshef, Omer"]
[Result "1-0"]
[WhiteElo "2713"]
[BlackElo "2459"]
[EventDate "2017.05.30"]
[PlyCount "169"]

1.d4 d5 2.c4 c6 3.cxd5 cxd5 4.Nc3 Nf6 5.Bf4 Nc6 6.Nf3 Bf5 7.Qb3 Na5 8.Qa4+
Bd7 9.Qc2 e6 10.e3 Rc8 11.Bd3 Be7 12.O-O Nc6 13.Qe2 Nh5 14.Be5 O-O 15.h3 
Nxe5 16.dxe5 g6 17.g4 Ng7 18.e4 Bc6 19.Rad1 Qb6 20.h4 h5 21.g5 d4 22.Nb1 
Rfd8 23.b3 Ne8 24.Nfd2 Qc5 25.f4 b5 26.Rf2 a5 27.a3 a4 28.b4 Qb6 29.Nf1 
Qb8 30.Ng3 Ng7 31.Qb2 Ba8 32.Ne2 Rd7 33.Nd2 Bd8 34.Kf1 Bb6 35.Rh2 Rdc7 36.
Rc1 Rxc1+ 37.Nxc1 Rc3 38.Ke2 Qc7 39.Na2 Qc6 40.Rf2 Bb7 41.Rf3 Kf8 42.Kd1 
Kg8 43.Nc1 Qc7 44.Rg3 Qc6 45.Rg1 Ba7 46.Ke2 Ne8 47.Na2 Nc7 48.Rc1 Rxc1 49.
Qxc1 Qd7 50.Qb2 Na8 51.Nc1 Nb6 52.Qc2 Bc6 53.Kf3 Kg7 54.Ne2 Kg8 55.Ng3 Kg7
56.Kg2 Kg8 57.Kh2 Bb7 58.Qc1 Kg7 59.Nh1 Nc4 60.Nf2 Qc6 61.Kg3 Nxd2 62.Qxd2
Kf8 63.Qc2 Qc3 64.Kf3 Qc6 65.Qxc6 Bxc6 66.Bf1 Ke7 67.Nd3 Kd7 68.Bg2 Kc7 
69.Ke2 Be8 70.Bf3 Bb6 71.Kd2 Bd7 72.Be2 Bc6 73.f5 Bxe4 74.fxe6 fxe6 75.Nf4
Kd7 76.Bxb5+ Ke7 77.Bd3 Bc6 78.Nxg6+ Kf7 79.Nf4 Bc7 80.g6+ Kg8 81.Nxe6 
Bxe5 82.Bc4 Kh8 83.g7+ Bxg7 84.Nxg7 Kxg7 85.Kd3 1-0

[Event "14th EUR-ch"]
[Site "Minsk BLR"]
[Date "2017.05.30"]
[Round "1.7"]
[White "Sychev, Klementy"]
[Black "Ponomariov, Ruslan"]
[Result "1/2-1/2"]
[WhiteElo "2459"]
[BlackElo "2712"]
[EventDate "2017.05.30"]
[PlyCount "150"]

1.e4 c5 2.Nf3 e6 3.d4 cxd4 4.Nxd4 a6 5.Bd3 Bc5 6.Nb3 Be7 7.Qg4 g6 8.Qe2 d6
9.O-O Nd7 10.a4 Ne5 11.a5 Nf6 12.Bh6 Nfg4 13.Bd2 O-O 14.f4 Nxd3 15.cxd3 f5
16.Bc3 b5 17.N1d2 Qd7 18.Rae1 Bh4 19.Rc1 Bb7 20.Nf3 Bd8 21.Nfd4 Re8 22.Kh1
Rc8 23.Rce1 Bh4 24.Rd1 Bf6 25.h3 Nh6 26.Rc1 Qg7 27.Qe3 fxe4 28.dxe4 e5 29.
Ne2 exf4 30.Qxf4 Rxe4 31.Qxf6 Qxf6 32.Bxf6 Rxe2 33.Rxc8+ Bxc8 34.Nd4 Rxb2 
35.Rc1 Bb7 36.Nf5 Bxg2+ 37.Kh2 Nxf5 38.Bxb2 Bd5 39.Rc7 b4 40.Kg1 Ne3 41.
Bc1 Nc4 42.Bh6 Nxa5 43.Rg7+ Kh8 44.Rc7 Nc4 45.Rc8+ Bg8 46.Rc7 Be6 47.Re7 
Kg8 48.Rxe6 Kf7 49.Re4 d5 50.Re1 Kf6 51.Bf8 a5 52.Kf2 b3 53.Rb1 a4 54.Ke2 
b2 55.Kd3 g5 56.Kd4 Ke6 57.Bb4 h5 58.Re1+ Kf5 59.Rf1+ Ke6 60.Re1+ Kd7 61.
Kc3 Kc6 62.Kc2 d4 63.Rg1 g4 64.hxg4 hxg4 65.Kb1 Kb5 66.Be1 Ne3 67.Kxb2 Kc4
68.Bd2 a3+ 69.Kxa3 Kd3 70.Bc1 Ke2 71.Bxe3 dxe3 72.Rxg4 Kf3 73.Rg8 e2 74.
Re8 Kf2 75.Rxe2+ Kxe2 1/2-1/2

[Event "14th EUR-ch"]
[Site "Minsk BLR"]
[Date "2017.05.30"]
[Round "1.9"]
[White "Galliamova, Alisa"]
[Black "Naiditsch, Arkadij"]
[Result "0-1"]
[WhiteElo "2456"]
[BlackElo "2700"]
[EventDate "2017.05.30"]
[PlyCount "88"]

1.Nf3 Nf6 2.g3 g6 3.Bg2 Bg7 4.O-O O-O 5.d4 d6 6.c4 Nbd7 7.Nc3 e5 8.h3 Re8 
9.e4 exd4 10.Nxd4 Nc5 11.Re1 Bd7 12.Rb1 h6 13.Kh2 a5 14.Ndb5 h5 15.Qc2 h4 
16.g4 c6 17.Na3 d5 18.cxd5 cxd5 19.e5 Nfe4 20.f4 Bc6 21.g5 Rc8 22.Nxe4 
Nxe4 23.Qd3 Nc5 24.Qd4 Ne6 25.Qf2 Bf8 26.Rd1 d4 27.Nc2 Bxg2 28.Qxg2 Re7 
29.Ne1 Rec7 30.Nd3 Qd7 31.a3 Qb5 32.Qe4 Qb3 33.Bd2 Nc5 34.Nxc5 Qg3+ 35.Kh1
Qxh3+ 36.Kg1 Bxc5 37.Qg2 d3+ 38.Kf1 Qf5 39.Qf3 Bb6 40.Rbc1 Rc2 41.b3 R8c6 
42.Rb1 h3 43.Be1 Rg2 44.Rxd3 Rcc2 0-1

[Event "14th EUR-ch"]
[Site "Minsk BLR"]
[Date "2017.05.30"]
[Round "1.10"]
[White "Rodshtein, Maxim"]
[Black "Repka, Christopher"]
[Result "1-0"]
[WhiteElo "2698"]
[BlackElo "2452"]
[EventDate "2017.05.30"]
[PlyCount "103"]

1.d4 Nf6 2.c4 e6 3.Nf3 b6 4.g3 Bb4+ 5.Bd2 Bxd2+ 6.Qxd2 Bb7 7.Bg2 O-O 8.Nc3
Ne4 9.Qd3 d5 10.cxd5 exd5 11.O-O Nd7 12.b4 Qe7 13.Rab1 a5 14.b5 c5 15.bxc6
Bxc6 16.Rfc1 Bb7 17.Bh3 f5 18.Nb5 Rac8 19.Rxc8 Bxc8 20.Na7 Bb7 21.Rc1 Qd6 
22.Qb3 Qb8 23.Nc6 Qd6 24.Na7 Qb8 25.Qb5 Qd6 26.Qb2 Ba6 27.e3 Bc4 28.Bf1 
Bxf1 29.Kxf1 Ndf6 30.Nc8 Qe6 31.Qxb6 Qe8 32.Qc6 Qh5 33.Kg2 Kh8 34.Ne7 Ng4 
35.Qc8 Qf7 36.Qxf5 Qxf5 37.Nxf5 Ngxf2 38.Ne5 Nd1 39.Rxd1 Rxf5 40.Nd3 Rf8 
41.Rc1 g5 42.Rc7 g4 43.Nf4 Rb8 44.Rc2 a4 45.Kf1 a3 46.Ke2 Rb2 47.Kd3 Nf2+ 
48.Kd2 Rb5 49.Ne6 h6 50.Nc7 Ra5 51.Ke2 Ne4 52.Kd3 1-0

[Event "14th EUR-ch"]
[Site "Minsk BLR"]
[Date "2017.05.30"]
[Round "1.11"]
[White "Pacher, Milan"]
[Black "Bacrot, Etienne"]
[Result "0-1"]
[WhiteElo "2450"]
[BlackElo "2696"]
[EventDate "2017.05.30"]
[PlyCount "98"]

1.d4 Nf6 2.c4 e6 3.Nc3 Bb4 4.e3 b6 5.Bd3 Bb7 6.Nf3 O-O 7.O-O d5 8.cxd5 
exd5 9.a3 Bd6 10.b4 a6 11.Qb3 Re8 12.a4 Nc6 13.Ba3 a5 14.b5 Nb4 15.Bxb4 
Bxb4 16.Ne5 Qe7 17.f4 Rad8 18.Ra2 Qe6 19.g4 Bxc3 20.Qxc3 Re7 21.f5 Qd6 22.
g5 Nd7 23.Ng4 f6 24.h4 c5 25.Rg2 Kf8 26.h5 c4 27.Bb1 fxg5 28.h6 Nf6 29.
hxg7+ Rxg7 30.Ne5 Qb4 31.Qc2 Ke7 32.Rg3 Rdg8 33.Qh2 g4 34.Qh6 Qd6 35.Kh2 
Kd8 36.e4 dxe4 37.Nxc4 Qf8 38.Qf4 Rc7 39.Nxb6 Nh5 40.Qe5 Nxg3 41.Kxg3 Qh6 
42.Nd5 Qh3+ 43.Kf2 g3+ 44.Ke2 Qh5+ 45.Ke3 Qh6+ 46.Rf4 Rd7 47.Qb8+ Bc8 48.
Nb6 Rc7 49.Qa8 Rg4 0-1

[Event "14th EUR-ch"]
[Site "Minsk BLR"]
[Date "2017.05.30"]
[Round "1.12"]
[White "Tomashevsky, Evgeny"]
[Black "Baghdasarian, Vahe"]
[Result "1-0"]
[WhiteElo "2696"]
[BlackElo "2449"]
[EventDate "2017.05.30"]
[PlyCount "109"]

1.Nf3 d5 2.d4 Nf6 3.c4 c6 4.g3 dxc4 5.Bg2 b5 6.Ne5 Bb7 7.O-O Nbd7 8.b3 
cxb3 9.axb3 Nxe5 10.dxe5 Qxd1 11.Rxd1 Nd5 12.e6 fxe6 13.Bb2 h5 14.Nd2 Rg8 
15.Ne4 g5 16.Nc5 Bc8 17.e4 Nb6 18.Ra5 g4 19.Rda1 Rg5 20.e5 Nd5 21.Rxa7 
Rxa7 22.Rxa7 Kd8 23.Bd4 Bg7 24.Nd3 Bd7 25.Be4 Kc8 26.b4 h4 27.Kg2 c5 28.
gxh4 Rh5 29.bxc5 Rxh4 30.Kg3 Rh3+ 31.Kxg4 Rxh2 32.Kg3 Rh5 33.f4 Bh6 34.Bf3
Rf5 35.Bxd5 exd5 36.e6 Bxe6 37.Ra6 Bxf4+ 38.Nxf4 Rg5+ 39.Kf2 Bf7 40.Nd3 
Rg4 41.Be5 Kb7 42.Rb6+ Ka7 43.Bb8+ Ka8 44.Bg3 Rc4 45.c6 Ka7 46.Rb7+ Ka6 
47.Rxe7 Bg6 48.Ne5 Rc2+ 49.Ke3 Be4 50.Be1 Bg2 51.Kd4 Rc1 52.Bb4 Rd1+ 53.
Kc5 d4 54.Re8 Rc1+ 55.Kd6 1-0

[Event "14th EUR-ch"]
[Site "Minsk BLR"]
[Date "2017.05.30"]
[Round "1.14"]
[White "Fedoseev, Vladimir"]
[Black "Erdogdu, Mert"]
[Result "1-0"]
[WhiteElo "2690"]
[BlackElo "2448"]
[EventDate "2017.05.30"]
[PlyCount "83"]

1.e4 c5 2.Nf3 Nc6 3.d4 cxd4 4.Nxd4 Qb6 5.Nxc6 bxc6 6.Bd3 e5 7.Nd2 Nf6 8.
Qe2 Be7 9.f4 d6 10.Nc4 Qc7 11.Bd2 Be6 12.Na5 Rb8 13.f5 Bc8 14.Nc4 d5 15.
exd5 e4 16.Ba5 Bb4+ 17.Bxb4 Rxb4 18.d6 Qb8 19.a3 Rb5 20.Nd2 Re5 21.O-O-O 
O-O 22.g4 Rfe8 23.Bc4 Nd5 24.Bxd5 cxd5 25.Qe3 Ba6 26.d7 Rd8 27.Nb3 Rxd7 
28.Nc5 Rd6 29.Qf4 f6 30.Nxa6 Rxa6 31.Rxd5 Rd6 32.Rxe5 fxe5 33.Qxe4 Rd4 34.
Qe2 e4 35.Re1 Qe5 36.c3 Ra4 37.h3 h5 38.Qe3 h4 39.Rd1 Qe7 40.Kc2 Ra5 41.
Qd4 Kh7 42.Qd8 1-0

[Event "14th EUR-ch"]
[Site "Minsk BLR"]
[Date "2017.05.30"]
[Round "1.15"]
[White "Moroni, Luca jr"]
[Black "Mamedov, Rauf"]
[Result "1/2-1/2"]
[WhiteElo "2448"]
[BlackElo "2689"]
[EventDate "2017.05.30"]
[PlyCount "115"]

1.d4 g6 2.Nf3 Bg7 3.c4 c5 4.e4 cxd4 5.Nxd4 Nc6 6.Be3 Qb6 7.Nb3 Qd8 8.Nd4 
Nf6 9.Nc3 O-O 10.Be2 d6 11.O-O Bd7 12.h3 Nxd4 13.Bxd4 Bc6 14.Qc2 a5 15.
Rad1 Nd7 16.Bxg7 Kxg7 17.Bg4 Nc5 18.e5 f5 19.Be2 f4 20.exd6 f3 21.Bxf3 
Bxf3 22.gxf3 exd6 23.Qd2 Rxf3 24.Kg2 Rd3 25.Qf4 Qf8 26.Qxf8+ Rxf8 27.Nb5 
Rf6 28.b3 Kf7 29.Rfe1 Rxd1 30.Rxd1 Ke7 31.Rd5 b6 32.h4 h6 33.Rd2 Kd7 34.f3
Re6 35.Kg3 Na6 36.Nc3 Nc7 37.Kg4 Ne8 38.Ne4 Nf6+ 39.Nxf6+ Rxf6 40.Rd5 Re6 
41.h5 gxh5+ 42.Rxh5 Rg6+ 43.Kf4 Rg2 44.a4 Re2 45.Kg4 Re5 46.Rxh6 Re3 47.
Rh7+ Ke6 48.f4 Rxb3 49.f5+ Kf6 50.Rh6+ Ke7 51.Re6+ Kf7 52.Rxd6 Rb4 53.Kg5 
Rxc4 54.Rxb6 Rxa4 55.Rb7+ Kg8 56.Kf6 Rb4 57.Rxb4 axb4 58.Ke7 1/2-1/2

[Event "14th EUR-ch"]
[Site "Minsk BLR"]
[Date "2017.05.30"]
[Round "1.16"]
[White "Cheparinov, Ivan"]
[Black "Stremavicius, Titas"]
[Result "1-0"]
[WhiteElo "2688"]
[BlackElo "2448"]
[EventDate "2017.05.30"]
[PlyCount "111"]

1.d4 f5 2.g3 Nf6 3.Bg2 g6 4.Nf3 Bg7 5.O-O O-O 6.c4 d6 7.Nc3 c6 8.b3 Qa5 9.
Bb2 e5 10.Qd2 Na6 11.Rad1 Re8 12.e4 Qc7 13.exf5 Bxf5 14.d5 Rad8 15.Nh4 Bg4
16.Rde1 cxd5 17.Nxd5 Nxd5 18.Bxd5+ Kh8 19.Nf3 Bxf3 20.Bxf3 Nc5 21.Bd5 a5 
22.Re2 b6 23.Rfe1 Bf6 24.f4 Nd7 25.Qd3 Rf8 26.f5 e4 27.Bxe4 Bxb2 28.Rxb2 
Ne5 29.Qd4 gxf5 30.Bd5 Qg7 31.Kh1 Ng6 32.Rd2 Qxd4 33.Rxd4 f4 34.Kg2 Kg7 
35.Be4 fxg3 36.hxg3 Rfe8 37.Red1 Re6 38.R1d2 Ne5 39.Bc2 Ng6 40.Rd5 Ne7 41.
Rg5+ Kh6 42.Rg4 Ng6 43.Bf5 Re5 44.Bxg6 hxg6 45.Rgd4 Re6 46.Kf3 Kg7 47.Rd5 
Kf7 48.Rb5 Rb8 49.Re2 Rf6+ 50.Kg4 a4 51.Re4 axb3 52.axb3 Kg7 53.Kg5 Rb7 
54.g4 d5 55.Rxd5 Rc6 56.Red4 1-0

[Event "14th EUR-ch"]
[Site "Minsk BLR"]
[Date "2017.05.30"]
[Round "1.17"]
[White "Basso, Pier Luigi"]
[Black "Korobov, Anton"]
[Result "1-0"]
[WhiteElo "2447"]
[BlackElo "2688"]
[EventDate "2017.05.30"]
[PlyCount "73"]

1.d4 Nf6 2.c4 e6 3.Nc3 Bb4 4.Qc2 c5 5.dxc5 Qc7 6.a3 Bxc5 7.b4 Be7 8.Nb5 
Qc6 9.Nf3 d6 10.g4 a6 11.Nbd4 Qc7 12.g5 Nh5 13.Bb2 Nc6 14.e3 Nxd4 15.Bxd4 
Qc6 16.Qd1 O-O 17.Rc1 g6 18.Bg2 e5 19.Bb2 Rd8 20.O-O Qe8 21.Qe2 Bg4 22.h3 
Bf5 23.Rfd1 Rac8 24.c5 dxc5 25.bxc5 Rxd1+ 26.Qxd1 Be4 27.Nxe5 Bxg2 28.Kxg2
Bxg5 29.Qd5 Rd8 30.Qxb7 Rb8 31.c6 Nf6 32.Nf3 h6 33.Nxg5 hxg5 34.Bxf6 Rxb7 
35.cxb7 Qe4+ 36.f3 Qxb7 37.Rd1 1-0

[Event "14th EUR-ch"]
[Site "Minsk BLR"]
[Date "2017.05.30"]
[Round "1.18"]
[White "Howell, David"]
[Black "Kanmazalp, Ogulcan"]
[Result "1/2-1/2"]
[WhiteElo "2684"]
[BlackElo "2447"]
[EventDate "2017.05.30"]
[PlyCount "49"]

1.c4 c5 2.Nf3 Nc6 3.d4 cxd4 4.Nxd4 Nf6 5.Nc3 e6 6.Bf4 d5 7.e3 Bc5 8.Nxc6 
bxc6 9.Be2 O-O 10.O-O Bd6 11.Bxd6 Qxd6 12.Qa4 a5 13.Rac1 Ba6 14.Rc2 Rfb8 
15.b3 Rb4 16.Qxa5 Bb7 17.c5 Qxh2+ 18.Kxh2 Rxa5 19.Na4 Ba6 20.Bxa6 Rxa6 21.
Kg1 Kf8 22.f3 Ke7 23.Kf2 Nd7 24.Ke2 Ra5 25.Kd2 1/2-1/2

[Event "14th EUR-ch"]
[Site "Minsk BLR"]
[Date "2017.05.30"]
[Round "1.19"]
[White "Mikaelyan, Arman"]
[Black "Artemiev, Vladislav"]
[Result "0-1"]
[WhiteElo "2444"]
[BlackElo "2682"]
[EventDate "2017.05.30"]
[PlyCount "62"]

1.d4 Nf6 2.c4 g6 3.Nc3 d5 4.Bg5 Ne4 5.Bh4 Nxc3 6.bxc3 dxc4 7.e3 Be6 8.Be2 
Nd7 9.e4 Bg7 10.d5 Bxd5 11.exd5 Bxc3+ 12.Kf1 Bxa1 13.Qxa1 O-O 14.Bg5 Nf6 
15.Bxc4 b5 16.Bb3 a5 17.a4 bxa4 18.Bc4 Rb8 19.Ne2 Rb4 20.Qa2 Qb8 21.g3 Ne4
22.Be3 Qb7 23.Bd3 Nf6 24.Bc4 Rb2 25.Qa3 Nxd5 26.Bxd5 Rb1+ 27.Nc1 Qxd5 28.
Rg1 Qc6 29.Ke2 Rd8 30.Qa2 Qb5+ 31.Kf3 Rb2 0-1

[Event "14th EUR-ch"]
[Site "Minsk BLR"]
[Date "2017.05.30"]
[Round "1.20"]
[White "Movsesian, Sergei"]
[Black "Usmanov, Vasily"]
[Result "1-0"]
[WhiteElo "2680"]
[BlackElo "2443"]
[EventDate "2017.05.30"]
[PlyCount "55"]

1.e4 e6 2.d4 d5 3.e5 c5 4.c3 Qa5 5.a3 Nc6 6.Nf3 Nxd4 7.Nxd4 cxd4 8.b4 Qb6 
9.cxd4 Ne7 10.Nc3 Bd7 11.Na4 Bxa4 12.Qxa4+ Nc6 13.Be3 Be7 14.Bd3 O-O 15.
O-O f5 16.f4 a6 17.Rac1 Rac8 18.Kh1 Qa7 19.g4 b5 20.Qd1 Qd7 21.gxf5 exf5 
22.Qf3 Na7 23.Bc2 Rc6 24.Bb3 Rd8 25.Bf2 Nc8 26.Bxd5+ Qxd5 27.Qxd5+ Rxd5 
28.Rxc6 1-0

[Event "14th EUR-ch"]
[Site "Minsk BLR"]
[Date "2017.05.30"]
[Round "1.22"]
[White "Areschenko, Alexander"]
[Black "Asadli, Vugar"]
[Result "1-0"]
[WhiteElo "2677"]
[BlackElo "2439"]
[EventDate "2017.05.30"]
[PlyCount "89"]

1.e4 c5 2.Nf3 d6 3.d4 cxd4 4.Nxd4 Nf6 5.Nc3 g6 6.Be3 Bg7 7.f3 O-O 8.Qd2 
Nc6 9.O-O-O d5 10.exd5 Nxd5 11.Nxc6 bxc6 12.Bd4 Bxd4 13.Qxd4 Qb6 14.Na4 
Qc7 15.Bc4 Rd8 16.Bb3 Bf5 17.g3 Rab8 18.Rhe1 Nb4 19.Qc5 Rxd1+ 20.Rxd1 Rb5 
21.Qd4 Qe5 22.Nc3 Qxd4 23.Rxd4 Rb8 24.g4 Be6 25.Bxe6 fxe6 26.Rd7 Rf8 27.a3
Nd5 28.Nxd5 exd5 29.Rxa7 e5 30.Re7 Rxf3 31.Rxe5 Kf7 32.Re2 Rf4 33.Rg2 Kf6 
34.Kd2 Kg5 35.b3 h6 36.a4 Kh4 37.a5 c5 38.Re2 Kxg4 39.Re5 Rf2+ 40.Kc1 c4 
41.Rxd5 c3 42.a6 Rf1+ 43.Rd1 Rf6 44.a7 Ra6 45.Rd4+ 1-0

[Event "14th EUR-ch"]
[Site "Minsk BLR"]
[Date "2017.05.30"]
[Round "1.23"]
[White "Kjartansson, Gudmundur"]
[Black "Moiseenko, Alexander"]
[Result "0-1"]
[WhiteElo "2437"]
[BlackElo "2677"]
[EventDate "2017.05.30"]
[PlyCount "96"]

1.d4 f5 2.Nf3 Nf6 3.g3 e6 4.Bg2 d5 5.O-O Bd6 6.c4 c6 7.Qc2 O-O 8.Nc3 Qe7 
9.cxd5 exd5 10.Bf4 Bxf4 11.gxf4 Ne4 12.e3 Be6 13.Ne2 Nd7 14.Ne5 Rf6 15.f3 
Nd6 16.Rf2 Rh6 17.Ng3 Kh8 18.Bf1 g5 19.Bd3 gxf4 20.exf4 Rf8 21.Re1 Qh4 22.
Qd2 Nxe5 23.Rxe5 Rg8 24.Rg2 Nf7 25.Ree2 Bd7 26.Kf1 Qf6 27.Qe3 Be6 28.Nh5 
Qd8 29.Rxg8+ Qxg8 30.Qxe6 Rxe6 31.Rxe6 Ng5 32.Re7 Nxf3 33.Kf2 Qg1+ 34.Kxf3
Qg4+ 35.Ke3 Qxh5 36.Rxb7 Qh3+ 37.Kd2 Qxh2+ 38.Kc3 Qxf4 39.Rxa7 Qc1+ 40.Kb3
Qe3 41.Kc3 c5 42.Ra8+ Kg7 43.dxc5 Qxc5+ 44.Kd2 h5 45.Ke2 f4 46.Re8 Qg1 47.
Re5 h4 48.Rf5 Qe3+ 0-1

[Event "14th EUR-ch"]
[Site "Minsk BLR"]
[Date "2017.05.30"]
[Round "1.24"]
[White "Rakhmanov, Alexander"]
[Black "Mindlin, Alon"]
[Result "1/2-1/2"]
[WhiteElo "2676"]
[BlackElo "2436"]
[EventDate "2017.05.30"]
[PlyCount "81"]

1.c4 e5 2.Nf3 Nc6 3.d4 e4 4.Nfd2 f5 5.e3 Nf6 6.Nc3 g6 7.h4 h5 8.a3 Bg7 9.
Ne2 O-O 10.Nf4 Qe8 11.Nb1 Nd8 12.d5 Kh7 13.Nc3 c6 14.Bd2 Nf7 15.Qc2 d6 16.
Be2 Bd7 17.Qb3 Rb8 18.Rd1 Ne5 19.Bc1 Qe7 20.Qc2 c5 21.Nb5 Bh6 22.Nxa7 Bxf4
23.exf4 Nf3+ 24.Kf1 Nd4 25.Qc3 Nxe2 26.Kxe2 Qe8 27.Qa5 Ba4 28.Nb5 Bxd1+ 
29.Rxd1 Qd7 30.Qc7 Rfd8 31.a4 Ne8 32.Qxd7+ Rxd7 33.b3 Nc7 34.Na3 Ra8 35.
Bb2 Kg8 36.Bc3 Kf7 37.Ke3 Rdd8 38.Ke2 Rd7 39.Rd2 Rdd8 40.Ke3 Rd7 41.Rd1 
1/2-1/2

[Event "14th EUR-ch"]
[Site "Minsk BLR"]
[Date "2017.05.30"]
[Round "1.25"]
[White "Froewis, Georg"]
[Black "Smirin, Ilia"]
[Result "1/2-1/2"]
[WhiteElo "2432"]
[BlackElo "2676"]
[EventDate "2017.05.30"]
[PlyCount "119"]

1.Nf3 Nf6 2.g3 g6 3.b3 c5 4.c4 d6 5.d4 cxd4 6.Nxd4 d5 7.Bg2 e5 8.Nf3 e4 9.
Nd4 Bb4+ 10.Bd2 Bxd2+ 11.Qxd2 dxc4 12.Nb5 Nc6 13.Nd6+ Ke7 14.Nxe4 Qd4 15.
Nbc3 Nxe4 16.Bxe4 Qxd2+ 17.Kxd2 cxb3 18.Bxc6 b2 19.Rab1 bxc6 20.Rxb2 Rd8+ 
21.Kc1 Rd4 22.Rd1 Rc4 23.Rd3 Bf5 24.e4 Bc8 25.Rb3 a5 26.Rb6 Ba6 27.a3 Rc5 
28.Re3 Kd7 29.Rb2 Re8 30.f4 f5 31.e5 h6 32.Rc2 Rc4 33.Rd3+ Ke7 34.Rd6 g5 
35.Nd1 gxf4 36.Rxc4 Bxc4 37.gxf4 Rg8 38.Rxc6 Be6 39.Rc7+ Kd8 40.Rc6 Ke7 
41.Nf2 Rg2 42.Nd3 Rxh2 43.Nc5 Bd5 44.Rd6 Bc4 45.Rf6 Rh3 46.Kb2 Bd3 47.Re6+
Kf7 48.Rd6 Be4 49.Rd7+ Ke8 50.Rh7 Bd5 51.Na6 Kd8 52.Nc5 Ke8 53.Rd7 Bc4 54.
Rc7 Rf3 55.Nb7 Be6 56.Rh7 Rxf4 57.Rxh6 Bd5 58.Rh8+ Ke7 59.Rh7+ Ke8 60.Nd6+
1/2-1/2

[Event "14th EUR-ch"]
[Site "Minsk BLR"]
[Date "2017.05.30"]
[Round "1.26"]
[White "Safarli, Eltaj"]
[Black "Pavlov, Sergey"]
[Result "1/2-1/2"]
[WhiteElo "2668"]
[BlackElo "2432"]
[EventDate "2017.05.30"]
[PlyCount "50"]

1.e4 Nf6 2.e5 Nd5 3.d4 d6 4.Nf3 dxe5 5.Nxe5 c6 6.Be2 Bf5 7.O-O Nd7 8.Bg4 
Bxg4 9.Qxg4 g6 10.c4 Nc7 11.Nf3 Bg7 12.Nc3 O-O 13.Re1 b5 14.Bg5 Nf6 15.Qh4
Ne6 16.Be3 bxc4 17.Ne5 Rc8 18.Rad1 Nd5 19.Nxc4 Nxc3 20.bxc3 Qd5 21.Ne5 Bf6
22.Qg4 Bxe5 23.dxe5 Qxa2 24.Qh4 Rfe8 25.Ra1 Qb3 1/2-1/2

[Event "14th EUR-ch"]
[Site "Minsk BLR"]
[Date "2017.05.30"]
[Round "1.27"]
[White "Kessler, Luca"]
[Black "Grandelius, Nils"]
[Result "1-0"]
[WhiteElo "2431"]
[BlackElo "2665"]
[EventDate "2017.05.30"]
[PlyCount "119"]

1.e4 c5 2.Nf3 d6 3.Bb5+ Bd7 4.Bxd7+ Nxd7 5.O-O Ngf6 6.Re1 Rc8 7.Qe2 e6 8.
b3 Be7 9.Bb2 O-O 10.d3 Nh5 11.Nbd2 Nf4 12.Qf1 Bf6 13.e5 Nxe5 14.Nxe5 Bxe5 
15.Bxe5 dxe5 16.Rxe5 f6 17.Ree1 e5 18.Nc4 Qd7 19.a4 b6 20.g3 Nh3+ 21.Kg2 
Ng5 22.f3 Ne6 23.Qf2 Nd4 24.Rab1 Rfd8 25.c3 Ne6 26.Rbd1 Qc6 27.Qe3 a6 28.
Qe4 b5 29.axb5 axb5 30.Ne3 b4 31.cxb4 cxb4 32.Qxb4 Rd4 33.Qd2 Rcd8 34.Nf5 
R4d7 35.b4 g6 36.Nh6+ Kg7 37.Ng4 Nd4 38.Qe3 Nf5 39.Qe4 Qc2+ 40.Nf2 Rd4 41.
Qb7+ R8d7 42.Qb5 R4d5 43.Qa6 R5d6 44.Qb5 Rc7 45.Qa5 Rdd7 46.b5 Ra7 47.Qd2 
Qc5 48.Rb1 Rdb7 49.Ne4 Qb6 50.Rb2 Ra3 51.Qb4 Rxd3 52.Qc5 Nd4 53.f4 Qa5 54.
fxe5 Ne6 55.exf6+ Kh6 56.Qc1+ g5 57.Nxg5 Nxg5 58.Re5 Rg7 59.fxg7 Qa8+ 60.
Qc6+ 1-0

[Event "14th EUR-ch"]
[Site "Minsk BLR"]
[Date "2017.05.30"]
[Round "1.28"]
[White "Motylev, Alexander"]
[Black "Druska, Juraj"]
[Result "1-0"]
[WhiteElo "2665"]
[BlackElo "2430"]
[EventDate "2017.05.30"]
[PlyCount "45"]

1.e4 c5 2.Nf3 d6 3.d4 cxd4 4.Nxd4 Nf6 5.Nc3 a6 6.g3 e5 7.Nde2 Be7 8.Bg2 
O-O 9.O-O Be6 10.a4 Nbd7 11.b3 Qc7 12.a5 Rfc8 13.Be3 Ng4 14.Bd2 Ngf6 15.f4
exf4 16.gxf4 Nb8 17.Na4 Qxc2 18.Nb6 Qc5+ 19.Kh1 Nc6 20.f5 Bd7 21.Rc1 Qa3 
22.Bc3 Be8 23.b4 1-0

[Event "14th EUR-ch"]
[Site "Minsk BLR"]
[Date "2017.05.30"]
[Round "1.29"]
[White "Korchmar, Vasiliy"]
[Black "Zviagintsev, Vadim"]
[Result "0-1"]
[WhiteElo "2422"]
[BlackElo "2661"]
[EventDate "2017.05.30"]
[PlyCount "156"]

1.d4 Nf6 2.c4 d6 3.Nf3 g6 4.Nc3 Bf5 5.d5 Bg7 6.Nd4 Bd7 7.e4 O-O 8.Be2 e6 
9.dxe6 fxe6 10.O-O Na6 11.Nb3 b6 12.Be3 e5 13.Qd2 Nc5 14.Nxc5 bxc5 15.Bg5 
Bc6 16.Bf3 a5 17.b3 Qd7 18.Rab1 h5 19.Nd5 Bxd5 20.cxd5 Rfb8 21.a3 Rb6 22.
Rb2 Kh7 23.Rfb1 Qc8 24.h3 Rab8 25.Qxa5 Ra8 26.Qe1 Rxa3 27.b4 Nd7 28.bxc5 
Rxb2 29.Rxb2 Nxc5 30.Qb1 Qa6 31.Qf1 Qxf1+ 32.Kxf1 Bh6 33.h4 Bxg5 34.hxg5 
Ra4 35.Rb8 Nxe4 36.Bxe4 Rxe4 37.Rd8 Rc4 38.Rd7+ Kg8 39.g3 Rc2 40.Kg2 e4 
41.Re7 Rc4 42.f4 exf3+ 43.Kxf3 Rg4 44.Rxc7 Rxg5 45.Ke4 Rg4+ 46.Kf3 Rd4 47.
g4 hxg4+ 48.Kg3 Kf8 49.Rd7 Rxd5 50.Kxg4 Ke8 51.Rg7 g5 52.Kh5 Re5 53.Kg4 
Kd8 54.Kh5 Re7 55.Rxg5 Kd7 56.Kg4 Rf7 57.Rd5 Ke6 58.Rd1 d5 59.Kg3 Rf8 60.
Re1+ Kd6 61.Rd1 Kc5 62.Rc1+ Kb4 63.Rd1 Kc4 64.Rc1+ Kb3 65.Rd1 Rd8 66.Kf3 
Kc2 67.Rd4 Kc3 68.Ra4 Re8 69.Ra3+ Kb4 70.Ra7 d4 71.Rc7 d3 72.Kf2 d2 73.Rd7
Kc3 74.Rc7+ Kd3 75.Rd7+ Kc2 76.Rc7+ Kd1 77.Rc6 Rf8+ 78.Kg2 Rf5 0-1